Statistics for Famous Horror Movies

Click here to take the quiz!

General Stats

  • This quiz has been taken 3,194 times
    (3,186 since last reset)
  • The average score is 10 of 30

Answer Stats

Answer% Correct
A Nightmare on Elm Street
78%
Halloween
77%
Friday the 13th
76%
Scream
63%
The Shining
59%
Saw
57%
The Exorcist
54%
Psycho
49%
The Ring
39%
Alien
38%
Jaws
38%
Dracula
30%
Silence of the Lambs
30%
Carrie
29%
Frankenstein
29%
Poltergeist
28%
Dawn of the Dead
24%
Night of the Living Dead
24%
Paranormal Activity
24%
The Omen
22%
The Texas Chainsaw Massacre
22%
Insidious
21%
The Blair Witch Project
21%
Evil Dead
19%
The Sixth Sense
19%
Rosemary's Baby
13%
The Birds
13%
Cabin in the Woods
9%
Nosferatu
9%
The Wicker Man
2%

Score Distribution

Percentile by Number Answered

Percent of People with Each Score

Your Score History

You have not taken this quiz since the last reset